Thiết kế bài giảng điện tử chương "Động học chất điểm" chương trình vật lý lớp 10 nâng cao nhằm phát huy tính tích cực của người học.

Cơ sở lý luận. Thiết kế bài giảng điện tử chương “Động học chất điểm” chương trình Vật Lý 10 lớp ban nâng cao.

Gespeichert in:
Bibliographische Detailangaben
1. Verfasser: Đỗ Thị Mai
Weitere Verfasser: Tôn Tích Ái TS. (Hướng dẫn), Đặng Xuân Hải PGS.TS (Hướng dẫn)
Format: Buch
Veröffentlicht: Hà nội Đại học Quốc gia Hà Nội - Trường ĐH Giáo dục 2013
Schlagworte:
Tags: Tag hinzufügen
Keine Tags, Fügen Sie den ersten Tag hinzu!
Thư viện lưu trữ: Mạng thư viện Đại học Đà Nẵng
LEADER 01927nam a2200385 4500
001 000020396
003 16842
005 20150317100355.0
008 150317s2013 sd
082 1 4 |a 531.110712  |b ĐÔ-M 
100 |a Đỗ Thị Mai 
245 1 |a Thiết kế bài giảng điện tử chương "Động học chất điểm" chương trình vật lý lớp 10 nâng cao nhằm phát huy tính tích cực của người học.  |c Đỗ Thị Mai ; Đặng Xuân Hải, Tôn Quang Cường hướng dẫn.  |k Luận văn Thạc sĩ 
260 |a Hà nội  |b Đại học Quốc gia Hà Nội - Trường ĐH Giáo dục  |c 2013 
300 |a 125 tr.  |c 29 cm. 
500 |a Luận văn thạc sĩ Khoa học. Chuyên ngành: Lý luận và phương pháp dạy học ( bộ môn Vật Lý). Mã số: 60.14.10 
520 |a Cơ sở lý luận. Thiết kế bài giảng điện tử chương “Động học chất điểm” chương trình Vật Lý 10 lớp ban nâng cao. 
650 0 4 |a Động học chất điểm  |v Luận văn tôt nghiệp  |x Bài giảng điện tử 
653 |a Giáo dục THPT 
653 |a Vật lý 10 
653 |a Phương pháp dạy học 
653 |a Động học chất điểm 
653 |a Phướng pháp dạy học môn Lý 
653 |a Bài giảng điện tử 
700 1 |a Tôn Tích Ái  |c TS.  |e Hướng dẫn 
700 1 |a Đặng Xuân Hải  |c PGS.TS  |e Hướng dẫn 
OWN |a LSP 
AVA |a UDN50  |b LSP  |d 531.110712 ĐÔ-M  |e available  |t Error 5001 Not defined in file expand_doc_bib_avail.  |f 1  |g 0  |h N  |i 0  |k 1 
999 |a From the UDN01 
AVA |a UDN50  |b LSP  |d 531.110712 ĐÔ-M  |e available  |t Error 5001 Not defined in file expand_doc_bib_avail.  |f 1  |g 0  |h N  |i 0  |k 1 
TYP |a Monograph 
TYP |a Printed language 
980 |a Mạng thư viện Đại học Đà Nẵng